Ultime paroles / (Record no. 135481)
[ view plain ]
| 000 -LEADER | |
|---|---|
| campo de control de longitud fija | 00905nam a2200181 i 4500 |
| 001 - NÚMERO DE CONTROL | |
| campo de control | 135481 |
| 003 - IDENTIFICADOR DE NÚMERO DE CONTROL | |
| campo de control | ES-MaACL |
| 005 - FECHA Y HORA DE LA ÚLTIMA TRANSACCIÓN | |
| campo de control | 20260316165933.0 |
| 007 - CAMPO FIJO DE DESCRIPCIÓN FÍSICA--INFORMACIÓN GENERAL | |
| campo de control de longitud fija | t| |
| 008 - DATOS DE LONGITUD FIJA--INFORMACIÓN GENERAL | |
| campo de control de longitud fija | 070718m19001909fr ||||1| fre d |
| 100 1# - ENTRADA PRINCIPAL--NOMBRE DE PERSONA | |
| Nombre de persona | Tolstói, Lev, |
| Fechas asociadas al nombre | 1828-1910 |
| 9 (RLIN) | 110489 |
| 245 10 - MENCIÓN DEL TÍTULO | |
| Título | Ultime paroles / |
| Mención de responsabilidad, etc. | lev Nikolaevich Tolstoï ; traduit d'apres de manuscrit par E. Halpérine-Kaminsky. |
| 260 ## - PUBLICACIÓN, DISTRIBUCIÓN, ETC. | |
| Lugar de publicación, distribución, etc. | Paris : |
| Nombre del editor, distribuidor, etc. | Renouard, |
| Fecha de publicación, distribución, etc. | [entre 1900 y 1909] |
| 505 8# - NOTA DE CONTENIDO CON FORMATO | |
| Nota de contenido con formato | Contiene: Je ne puis me taire.--Pour suivez-moi.--Tu ne tueras point.-- La peine de mort et le christianisme.-- L'Annexion de la Bosnie.-- Aimez-vous les uns les autres.-- Appel áa la jeunesse.-- La mort d'Ivan Ylüteh.-- Le roman d'un cheval.-- Un pauvre diable.--La Religion et les religions.-- Les deux morales.-- Mon testament. |
| 700 1# - ENTRADA AGREGADA--NOMBRE PERSONAL | |
| Nombre de persona | Gal'perin-Kaminskij, Il'â Danilovic, |
| Fechas asociadas al nombre | 1858-1936 |
| 9 (RLIN) | 127773 |
| 852 ## - LOCALIZACIÓN | |
| Ubicación | ES-MaACL |
| Número de control de estantería | F-9722 |
| Estatus retirado | Estado de pérdida | Estado de daño | No para préstamo | Colección | Biblioteca de origen | Biblioteca actual | Ubicación en estantería | Fecha de adquisición | Fuente de adquisición | Total de préstamos | Signatura topográfica completa | Código de barras | Visto por última vez | Precio de reemplazo | Tipo de ítem Koha |
|---|---|---|---|---|---|---|---|---|---|---|---|---|---|---|---|
| Libros del s. XIX | Biblioteca del Ateneo de Madrid | Biblioteca del Ateneo de Madrid | Sala Pecera Planta 2 | 17/01/2008 | F-9722 | 1141008 | 23/02/2023 | 23/02/2023 | Libro impreso antiguo |
